| 000 | 00446nam a2200181Ia 4500 | ||
|---|---|---|---|
| 003 | LK-CoDNM | ||
| 008 | 010623t1997 xxu||||| |||| 00| 1 sin d | ||
| 040 |
_aLK-CoDNM _dLK-CoDNM _eLK-CoDNM |
||
| 041 | _asin | ||
| 080 | _ax 82-12 SAM | ||
| 100 | _aSamarakoon, R.R. | ||
| 245 | _aකැළණි පාලම | ||
| 246 | _aKelani palama | ||
| 260 |
_bSara prakashana _aKottawa _c1997 |
||
| 300 | _b87, 22 cm | ||
| 650 | _aDrama | ||
| 942 | _cBK | ||
| 999 |
_c118195 _d118195 |
||